Top 20 Billboard - 2020 - Statistiques

Statistiques générales
  • Ce quiz a été pris 109 fois
  • Le résultat moyen est 9 sur 20
Statistiques - réponses
Date de Parution Titres Artistes % Correct
1 Novembre 2019 Blinding Lights The Weeknd
98%
6 Décembre 2019 Adore You Harry Styles
74%
20 Mai 2020 Watermelon Sugar Harry Styles
74%
2 Août 2019 Circles Post Malone
71%
11 Janvier 2020 Say So Doja Cat
69%
4 Octobre 2019 Don't Start Now Dua Lipa
61%
3 Décembre 2019 The Box Roddy Ricch
57%
7 Janvier 2020 Life Is Good Future & Drake
51%
14 Mai 2019 Dance Monkey Tones and I
50%
8 Septembre 2019 Memories Maroon 5
45%
18 Novembre 2019 Everything I Wanted Billie Eilish
44%
10 Novembre 2018 Someone You Loved Lewis Capaldi
44%
13 Janvier 2020 What's Poppin Jack Harlow & DaBaby &Tory Lanes & Lil Wayne
39%
5 Avril 2020 Rockstar DaBaby & Roddy Ricch
35%
17 Février 2020 Intentions Justin Bieber & Quavo
27%
15 Avril 2020 Savage Megan Thee Stallion
27%
16 Octobre 2019 Roxanne Arizona Zervas
13%
19 Septembre 2019 Roses Imanbek
2%
9 Février 2019 The Bones Maren Morris
1%
12 Juillet 2019 I Hope Gabby Barrett
0%
Aucun quiz correspondant
Distribution des résultats
% des personnes avec chaque résultat
Percentile par nombre de réponses
Votre historique - résultats
Vous n’avez pas pris ce quiz